000 00302nam a22001337a 4500
008 171202b xxu||||| |||| 00| 0 eng d
020 _a9781455549801
041 _aeng
080 _a32
100 _a18
101 _aSHP
245 _aFALLING IN LOVE WITH AMERICA AGAIN
_cDEMINT, J
942 _2udc
_cBK
999 _c38760
_d38760